Statistiques concernant Personnages de Naruto

Cliquez ici pour prendre le quiz!

Statistiques générales

  • Ce quiz a été pris 288 fois
  • Le résultat moyen est 51 sur 121

Statistiques - réponses

HintRéponse% Correct
Personnage Principale
7ème Hokage
Membre de l'équipe 7
Jinchuriki de Kyubi
Uzumaki Naruto
100%
Membre de l'équipe 7
Antagoniste temporaire
Membre du Clan Uchiha
Chef de Taka
Uchiha Sasuke
98%
Membre de l'équipe 7
Marque du Byakugou
Haruno Sakura
96%
Chef de l'équipe 7
6ème Hokage
Hatake Kakashi
96%
Membre de l'équipe 8
Membre du Clan Hyuga
Hyuga Hinata
86%
Membre intérimaire de l'équipe 7Sai
86%
1er Raikage | 2ème Raikage | 3ème Raikage | 4ème RaikageA
84%
Membre de l'équipe Guy
Membre du Clan Hyuga
Hyuga Neji
84%
Membre de l'équipe 10
8ème Hokage
Assistant du 7ème Hokage
Nara Shikamaru
84%
Chef de l'équipe Guy
8 Portes Internes
Maito Gai
83%
5ème Hokage
Membre des Sannin Légendaire
Elève du 3ème Hokage
Descendante du 1er Hokage
Tsunade
83%
Membre de l'équipe 10
Ninja sensoriel
Yamanaka Ino
83%
Membre de l'équipe Guy
8 Portes Internes
Rock Lee
82%
Membre de l'Akatsuki
Ancien Capitaine des Anbu
Membre du Clan des Uchiha
Uchiha Itachi
82%
4ème Hokage
Eclair Jaune
Maitre du 6ème Hokage
Père du personnage principale
Jinchuriki de Kyubi
Namikaze Minato
81%
Chef de l'Akatsuki
Chef Secret de Kirigakure (Kiri)
Ancien membre de Konohagakure (Konoha)
Elève du 4ème Hokage
Jinchuriki de Jubi
Uchiha Obito
81%
Membre de l'équipe 10Akimichi Choji
78%
Membre de l'équipe GuyTenTen
78%
Chef intérimaire de l'équipe 7
Techniques à base de bois
Yamato
77%
Membre fondateur de l'Akatsuki
Membre du Clan Uzumaki
Nagato
76%
1er Hokage
Dieu des Shinobis
Techniques à base de bois
Frère du suivant
Senju Hashirama
76%
2ème Hokage
Frère du précédent
Senju Tobirama
75%
Co-fondateur de Konohagakure (Konoha)
Ancien Chef du Clan Uchiha
Jinchuriki de Jubi
Ancien membre de Konohagakure
Uchiha Madara
75%
Ancien Membre de l'Akatsuki
Ancien membre de Konohagakure (Konoha)
Créateur du Village Caché du Son
Membre des Sannin Légendaire
Orochimaru
74%
Chef de l'équipe 10
Ancien membre des 12 Ninjas Gardiens
Sarutobi Asuma
71%
Membre de l'équipe 8Aburame Shino
70%
Membre de l'équipe 8Inuzuka Kiba
70%
Membre de l'Akatsuki
Ancien membre d'Iwagakure (Iwa)
Deidara
69%
Membre de l'Akatsuki
Membre des 7 épéistes ninjas de la brume
Hoshigaki Kisame
68%
3ème Hokage
Elève du précédent
Sarutobi Hiruzen
68%
5ème Kazekage
Jinchuriki de Ichibi
Gaara
66%
Membre de l'Akatsuki
Ancien membre de Sunagakure (Suna)
Sasori
66%
Membre de l'Akatsuki
Adorateur de Jashin
Hidan
64%
Membre de l'Akatsuki
Manifestation physique d'Otsutsuki Kaguya
Zetsu Noir
63%
Membre fondateur de l'AkatsukiKonan
62%
Membre de l'Akatsuki
5 Coeurs
Kakuzu
60%
Membre de Konohagakure (Konoha)
Mode Ermite
Membre des Sannin Légendaire
Jiraiya
59%
Kyubi
Neuf Queues
Kurama
59%
Chef de l'équipe 8
Ninja Sensoriel
Yuhi Kurenai
59%
Membre de l'équipe 8
Partenaire du précédent
Akamaru
53%
Jinchuriki de Hachibi
Membre de Kumogakure (Kumo)
Frère du 4ème Raikage
Killer Bee
53%
Jinchuriki de Sanbi
Membre de Konohagakure (Konoha)
Nohara Rin
50%
Créateur de l'Akatsuki
Corps Principale de Pain
Yahiko
48%
Jinchuriki de Kyubi
Membre de Konohagakure (Konoha)
Mère du personnage principale
Uzumaki Kushina
47%
Membre de Konohagakure (Konoha)
Petit-fils du 3ème Hokage
Membre de l'équipe Ebisu
Sarutobi Konohamaru
44%
Membre de Konohagakure (Konoha)
Professeur à l'Académie
Umino Iruka
42%
Mère des 2 précédents
Jinchuriki de Jubi
Chef du Clan des Otsutsuki
Otsutsuki Kaguya
41%
Membre de Taka
Ancien membre du Village Caché dans l'herbe
Karin
40%
Membre de Konohagakure (Konoha)
Chef de la Racine
Conseil de Konoha
6ème Hokage Intérimaire
Shimura Danzo
40%
Ancien membre de Konohagakure
Ancien membre du Village Caché du Son
Membre de l'Akatsuki
Yakushi Kabuto
40%
Membre de Sunagakure (Suna)
Soeur du précédent et du 5éme Kazekage
Temari
39%
Membres des 7 épéistes de la brumeMomochi Zabuza
38%
Membre du Clan des Uchiha
Membre du Anbu
Uchiha Shisui
37%
Jinchuriki de Gobi
Membre d'Iwagakure (Iwa)
Han
34%
Ichibi
Une Queue
Shukaku
33%
5ème MizukageTerumi Mei
33%
Membre de Taka
Ancien Membre de Kirigakure (Kiri)
Hozuki Suigetsu
32%
Membre de Taka
Ancien membre du Village Caché du Son
Jugo
32%
Fils du créateur des Biju (Ermite Rikudo)
Créateur de ninjutsu
Otsutsuki Indra
32%
Jinchuriki de Nanabi
Membre de Takigakure
Fu
31%
Yonbi
Quatres Queues
Son Goku
31%
Membre de Sunagakure (Suna)
Frère du prochain et du 5ème Kazekage
Kankuro
30%
Chef du Clan des Nara
Commandant des Jonins
Stratège en Chef des Forces Alliées
Nara Shikaku
30%
Créateur des Bijuu
Jinchuriki de Jubi
Rikudo Sennin (Ermite Rikudo)
Frère du suivant
Otsutsuki Hagoromo
30%
Partenaire du précédentHaku
29%
3ème Tsuchikage
Grand-père du prochain
Onoki
29%
Fils du créateur des Biju (Ermite Rikudo)
Techniques à base de bois
Mode Ermite
Otsutsuki Ashura
29%
Bras droit du précédent
5ème Raikage
Darui
28%
Assistant du 5ème et 6ème HokageShizune
27%
Membre de Konohagakure (Konoha)
Chef de l'équipe Ebisu
Ebisu
26%
Fille du Chef du Clan des HyugaHyuga Hanabi
25%
Nibi
Deux Queues
Matatabi
24%
Chef du Clan des Uchiha
Capitaine de la Police de Konohagakure
Mari du prochain
Uchiha Fugaku
24%
Chef du Clan des AkimichiAkimichi Choza
22%
Jinchuriki de Rokubi
Ancien membre Kirigakure (Kiri)
Utakata
22%
2ème TsuchikageMu
21%
Jinchuriki de Kyubi
Membre de Konohagakure (Konoha)
Femme du 1er Hokage
Ancien Membre d'Uzushiogakure (Uzushio)
Uzumaki Mito
21%
4ème Mizukage
Jinchuriki de Sanbi
Karatachi Yagura
20%
Membre de Konohagakure (Konoha)
Procureure des éxamens Genin et Chunin
Mitarashi Anko
20%
Chef du Clan des Yamanaka
Chef de l'équipe d'analyse de Konoha
Capitaine de la Division de Renseignement
des Forces Alliées
Yamanaka Inoichi
20%
Sanbi
Trois Queues
Isobu
18%
Jinchuriki de Yonbi
Membre d'Iwagakure (Iwa)
Roshi
18%
Membre du Clan des Uchiha
Frère du Co-fondateur de Konohagakure
Uchiha Izuna
18%
Assistant du précédent
Membre des 7 épéistes de la brume
6ème Mizukage
Chojuro
17%
Nanabi
Sept Queues
Chomei
17%
Chef du Clan des Hyuga
Frère du prochain
Hyuga Hiashi
17%
Membre du Village Caché du Son
Chef du Sound 5 (Quintet du Son)
Kimimaro
17%
4ème Kazekage
Père du suivant
Rasa
17%
Rokubi
Six Queues
Saiken
17%
Bodyguard du 5ème Mizukage
Ancien membre de l'Anbu de Kirigakure (Kiri)
Possession d'un Byakugan
Ao
16%
Membre de Kumogakure (Kumo)
Pseudo Jinchuriki de Kyubi
Frère du Précédent
Ginkaku
16%
Hachibi
Huit Queues
Gyuki
16%
Membre de Kumogakure (Kumo)
Pseudo Jinchuriki de Kyubi
Frère du Prochain
Kinkaku
16%
Jinchuriki de Nibi
Membre de Kumogakure (Kumo)
Nii Yugito
16%
Membre de Konohagakure (Konoha)
Membre de l'équipe Ebisu
Kazamatsuri Moegi
15%
Gobi
Cinq Queue
Kokuo
15%
Ancien membre de Konohagakure (Konoha)
Père du 6ème Hokage
Hatake Sakumo
14%
Membre du Clan des Hyuga
Frère du précédent
Hyuga Hizashi
14%
Membre de Konohagakure (Konoha)
Membre de l'équipe Ebisu
Ise Udon
14%
Membre de Kumogakure (Kumo)
Bodyguard du 4ème Raikage
Omoi
14%
Membre du Village Caché du Son
Membre du Sound 5 (Quintet du Son)
Tayuya
14%
Samourai
Général de la Terre de Fer
Chef de la Réunion Continentale
Mifune
13%
Chef du Clan des Otsutsuki
Frère du précédent
Otsutsuki Hamura
13%
Membre du Village Caché du Son
Membre du Sound 5 (Quintet du Son)
Jirobo
12%
Membre de Kumogakure (Kumo)
Bodyguard du 4ème Raikage
Karui
12%
Membre du Village Caché du Son
Membre du Sound 5 (Quintet du Son)
Kidomaru
12%
4ème Tsuchikage
Petite-fille du précédent
Kurotsuchi
12%
Membre du Village Caché du Son
Chef du Sound 5 (Quintet du Son)
Sakon et Ukon
12%
Membres des 7 épéistes de la brume
Ancien membre de l'Akatsuki
Biwa Juzo
11%
Membre de Kumogakure (Kumo)
Bodyguard du 4ème Raikage
Samui
11%
Membre du Clan Uchiha
Epouse du précédent
Uchiha Mikoto
11%
2ème MizukageHozuki Gengetsu
10%
Membres des 7 épéistes de la brumeHozuki Mangetsu
8%
Membres des 7 épéistes de la brumeMunashi Jinpachi
6%
Membres des 7 épéistes de la brumeRingo Ameyuri
5%
Membres des 7 épéistes de la brumeAkebino Jinin
4%
Membres des 7 épéistes de la brumeKuriarare Kushimaru
3%
Membres des 7 épéistes de la brumeSuikazan Fuguki
3%

Distribution des résultats

Percentile par nombre de réponses

% des personnes avec chaque résultat

Votre développement - résultats

Vous n’avez pas pris ce quiz